Методы интеллектуальной обработки и анализа изображений: электронный курс

Bibliographic Details
Main Author: Друки А. А. Алексей Алексеевич
Corporate Author: Национальный исследовательский Томский политехнический университет (ТПУ) Институт кибернетики (ИК) Кафедра вычислительной техники (ВТ)
Summary:Заглавие с экрана
Целью курса является изучение базовых методов и алгоритмов обработки изображений.
Доступ по логину и паролю
Language:Russian
Published: Томск, TPU Moodle, 2014
Subjects:
Online Access:https://design.lms.tpu.ru/course/view.php?id=37
Format: Electronic Book
KOHA link:https://koha.lib.tpu.ru/cgi-bin/koha/opac-detail.pl?biblionumber=665242

MARC

LEADER 00000nlm0a2200000 4500
001 665242
005 20240201175917.0
035 |a (RuTPU)RU\TPU\network\36441 
035 |a RU\TPU\network\16648 
090 |a 665242 
100 |a 20210906d2014 m y0rusy50 ca 
101 0 |a rus 
102 |a RU 
105 |a a j 000zy 
135 |a jrcn ---uucaa 
181 0 |a i  
182 0 |a b 
200 1 |a Методы интеллектуальной обработки и анализа изображений  |e электронный курс  |f А. А. Друки  |g Национальный исследовательский Томский политехнический университет (ТПУ), Институт кибернетики (ИК), Кафедра вычислительной техники (ВТ) 
203 |a Текст  |c электронный 
210 |a Томск  |c TPU Moodle  |d 2014 
300 |a Заглавие с экрана 
330 |a Целью курса является изучение базовых методов и алгоритмов обработки изображений. 
333 |a Доступ по логину и паролю 
606 1 |a Изображения  |x Обработка цифровая  |2 stltpush  |3 (RuTPU)RU\TPU\subj\12287  |9 39098 
610 1 |a электронный ресурс 
610 1 |a труды учёных ТПУ 
610 1 |a электронное обучение 
610 1 |a электронные курсы ТПУ 
610 1 |a электронные учебные пособия 
610 1 |a учебные пособия 
610 1 |a сглаживающие фильтры 
610 1 |a пространственные фильтры 
610 1 |a дискретное преобразование Фурье 
610 1 |a фильтры Габора 
610 1 |a вейвлет-преобразования 
610 1 |a вейвлеты Добеши 
675 |a 004.932(075.8)  |v 4 
700 1 |a Друки  |b А. А.  |c специалист в области информатики и вычислительной техники  |c ассистент Томского политехнического университета, инженер  |f 1985-  |g Алексей Алексеевич  |3 (RuTPU)RU\TPU\pers\28638  |9 13454 
712 0 2 |a Национальный исследовательский Томский политехнический университет (ТПУ)  |b Институт кибернетики (ИК)  |b Кафедра вычислительной техники (ВТ)  |3 (RuTPU)RU\TPU\col\18699 
801 2 |a RU  |b 63413507  |c 20220401  |g RCR 
856 4 |u https://design.lms.tpu.ru/course/view.php?id=37 
942 |c CF